Les 10 personnes les plus riches du monde en 2025 - Statistiques

Statistiques générales
  • Ce quiz a été pris 137 fois
    112 depuis la dernière actualisation
  • Le résultat moyen est 3 sur 10
Statistiques - réponses
classement personne % Correct
1. Elon Musk
99%
3. Jeff Bezos
66%
5. Bernard Arnault
48%
2. Mark Zuckerberg
38%
4. Larry Ellison
9%
8. Sergey Brin
8%
10. Steve Ballmer
4%
7. Larry Page
3%
6. Warren Buffett
3%
9. Amancio Ortega
2%
Aucun quiz correspondant
Distribution des résultats
% des personnes avec chaque résultat
Percentile par nombre de réponses
Votre historique - résultats
Vous n’avez pas pris ce quiz depuis la dernière actualisation